Catálogo

Centenario de la Rerum Novarum. (Registro nro. 65911)

Detalles MARC
000 -LEADER
fixed length control field 00631nam a2200217 u 4500
001 - CONTROL NUMBER
control field 65911
005 - DATE AND TIME OF LATEST TRANSACTION
control field 20180714073444.0
008 - FIXED-LENGTH DATA ELEMENTS--GENERAL INFORMATION
fixed length control field 160809s2012 mx r 000 0 spa d
020 ## - INTERNATIONAL STANDARD BOOK NUMBER
International Standard Book Number 978-970-612-491-3
082 ## - DEWEY DECIMAL CLASSIFICATION NUMBER
Classification number 200.1
Item number FRA
100 1# - MAIN ENTRY--PERSONAL NAME
Personal name Francisco
245 10 - TITLE STATEMENT
Title Centenario de la Rerum Novarum.
250 ## - EDITION STATEMENT
Edition statement Primera edición
264 ## - PRODUCTION, PUBLICATION, DISTRIBUTION, MANUFACTURE, AND COPYRIGHT NOTICE
Place of production, publication, distribution, manufacture México :
Name of producer, publisher, distributor, manufacturer Ediciones Paulinas; S.A. de C.V.
Date of production, publication, distribution, manufacture, or copyright notice 2012
300 ## - PHYSICAL DESCRIPTION
Extent 116 Páginas ;
Dimensions 23 cm.
336 ## - CONTENT TYPE
Content type term texto
Source rdaconten
337 ## - MEDIA TYPE
Media type term sin mediación
Source rdamedia
338 ## - CARRIER TYPE
Carrier type term volumen
Source rdacarrier
490 1# - SERIES STATEMENT
-- Actas y documentos potificios
650 #0 - SUBJECT ADDED ENTRY--TOPICAL TERM
Topical term or geographic name entry element Religión
Existencias
Withdrawn status Lost status Source of classification or shelving scheme Damaged status Not for loan Collection code Home library Current library Shelving location Date acquired Source of acquisition Total Checkouts Full call number Barcode Price effective from Koha item type
    Dewey Decimal Classification   Consulta en sala General Tehuacán Tehuacán Sala general 09/08/2016 Compra   200.1 FRA 2012 510266 09/08/2016 Reserva permanente